Podnikateľ a poistenie

Všeobecný výklad poistných podmienok pre poistenie majetku a zodpovednosti za škodu z podnikania v zmysle Občianskeho zákonníka. Niektoré základné pojmy z poistenia a poisťovníctva.

Salvato in:
Dettagli Bibliografici
Autore principale: Kašiar, J.
Natura: Capitolo di libro
Lingua:slovacco
Soggetti:
Tags: Aggiungi Tag
Nessun Tag, puoi essere il primo ad aggiungerne!!

MARC

LEADER 00000naa a2200000 4500
001 r015688
005 20221213113218.5
041 0 |a slo 
044 |a SK 
245 1 0 |a Podnikateľ a poistenie  |c J. Kašiar 
520 |a Všeobecný výklad poistných podmienok pre poistenie majetku a zodpovednosti za škodu z podnikania v zmysle Občianskeho zákonníka. Niektoré základné pojmy z poistenia a poisťovníctva. 
610 2 0 |a poistenie 
610 2 0 |a poisťovníctvo 
610 2 0 |a pojmy 
610 2 0 |a podnikatelia 
610 2 0 |a poistenie majetku 
610 2 0 |a poistenie zodpovednosti za škody 
100 1 |a Kašiar, J.